[Event "PRVA LIGA  CENTRALNE SRBIJE"]
[Site "Vrnjacka Banja"]
[Date "2012.10.02"]
[Round "5.1"]
[White "Milenkovic, Mladen"]
[Black "Chatalbashev, Boris"]
[Result "0-1"]
[WhiteElo "2404"]
[BlackElo "2549"]
[PlyCount "72"]
[EventDate "2012.09.29"]

1. e4 g6 2. h4 d5 3. exd5 Nf6 4. d4 Qxd5 5. Nc3 Qa5 6. Be3 Bg7 7. Qd2 Bf5 8.
Nge2 Nc6 9. Ng3 O-O-O 10. Nxf5 gxf5 11. Bd3 Nxd4 12. Bxd4 Rxd4 13. Bxf5+ Nd7
14. Qg5 Qe5+ 15. Kf1 e6 16. Bd3 Rb4 17. Nd1 f5 18. Qd2 Rd4 19. Nc3 Nc5 20. Re1
Qf4 21. Qxf4 Rxf4 22. Nd1 Rd8 23. Rh3 Rfd4 24. Ke2 h5 25. b3 Bf6 26. Reh1 Rg8
27. Kf1 Ne4 28. Re3 Nc5 29. Reh3 b5 30. R1h2 a5 31. Rh1 a4 32. R1h2 c6 33. Rh1
Kc7 34. Re3 f4 35. Reh3 Rgd8 36. Ke2 e5 0-1

[Event "PRVA LIGA  CENTRALNE SRBIJE"]
[Site "Vrnjacka Banja"]
[Date "2012.10.02"]
[Round "5.1"]
[White "Indjic, Aleksandar"]
[Black "Nestorovic, Dejan"]
[Result "1-0"]
[WhiteElo "2494"]
[BlackElo "2438"]
[PlyCount "73"]
[EventDate "2012.09.29"]

1. d4 Nf6 2. c4 e6 3. Nf3 Bb4+ 4. Bd2 Qe7 5. g3 Nc6 6. Nc3 Bxc3 7. Bxc3 Ne4 8.
Rc1 O-O 9. Bg2 d6 10. d5 Nxc3 11. Rxc3 Nb8 12. dxe6 fxe6 13. O-O Nc6 14. Nd4
Bd7 15. Nc2 a5 16. Qd2 a4 17. Rd1 Ra5 18. c5 Rxc5 19. Rxc5 dxc5 20. Qxd7 Rd8
21. Bxc6 Rxd7 22. Bxd7 Qf6 23. Ne3 a3 24. bxa3 Qe5 25. a4 c6 26. Rb1 c4 27.
Nxc4 Qd5 28. Nb6 Qxa2 29. Rf1 Qb3 30. a5 Qa2 31. Bc8 Kf7 32. Bxb7 Qxa5 33. Nc4
Qb4 34. Rc1 c5 35. Be4 g6 36. Bd3 Kf6 37. Nd6 1-0

[Event "PRVA LIGA  CENTRALNE SRBIJE"]
[Site "Vrnjacka Banja"]
[Date "2012.10.02"]
[Round "5.1"]
[White "Markovic, Zoran S"]
[Black "Todorovic, Goran N"]
[Result "1/2-1/2"]
[WhiteElo "2361"]
[BlackElo "2388"]
[PlyCount "34"]
[EventDate "2012.09.29"]

1. e4 e5 2. Nf3 Nc6 3. Bb5 Nf6 4. O-O d6 5. d4 Bd7 6. Nc3 Be7 7. Re1 exd4 8.
Nxd4 O-O 9. Bxc6 bxc6 10. Bf4 g6 11. e5 Nh5 12. Bh6 Ng7 13. Qf3 d5 14. Nb3 Qb8
15. Rad1 Re8 16. Bxg7 Kxg7 17. Qe3 Qb6 1/2-1/2

[Event "PRVA LIGA  CENTRALNE SRBIJE"]
[Site "Vrnjacka Banja"]
[Date "2012.10.02"]
[Round "5.1"]
[White "Rajkovic, Dusan"]
[Black "Organdziev, Oliver"]
[Result "1/2-1/2"]
[WhiteElo "2409"]
[BlackElo "2311"]
[PlyCount "76"]
[EventDate "2012.09.29"]

1. d4 d5 2. c4 Bf5 3. Nc3 e6 4. Nf3 c6 5. Qb3 Qb6 6. c5 Qc7 7. Bf4 Qc8 8. e3 h6
9. Be2 Nd7 10. O-O Ngf6 11. Qa4 Nh5 12. b4 Nxf4 13. exf4 a6 14. Ne5 Nxe5 15.
fxe5 Be7 16. Rad1 O-O 17. Bd3 Bxd3 18. Rxd3 b6 19. cxb6 Qb7 20. Rb1 Qxb6 21. g3
f6 22. exf6 Bxf6 23. Qd1 e5 24. Na4 Qa7 25. dxe5 Bxe5 26. Nc5 Bd6 27. Rc1 a5
28. a3 axb4 29. axb4 Rab8 30. Qd2 Qf7 31. Rc2 Qf5 32. Rb3 Ra8 33. Re3 Rac8 34.
Kg2 d4 35. Rd3 Rb8 36. Qe2 Rxb4 37. Qe6+ Qxe6 38. Nxe6 Rf6 1/2-1/2

[Event "PRVA LIGA  CENTRALNE SRBIJE"]
[Site "Vrnjacka Banja"]
[Date "2012.10.02"]
[Round "5.1"]
[White "Prelevic, Dusko"]
[Black "Ristic, Nenad"]
[Result "0-1"]
[WhiteElo "2337"]
[BlackElo "2422"]
[PlyCount "100"]
[EventDate "2012.09.29"]

1. d4 c5 2. c3 Nf6 3. Nf3 e6 4. g3 b6 5. Bg2 Bb7 6. O-O Be7 7. Nbd2 O-O 8. a3
d6 9. Re1 Nbd7 10. e4 cxd4 11. Nxd4 Nc5 12. Qc2 Rc8 13. b4 Ncd7 14. Bb2 a6 15.
Qb3 Qc7 16. c4 Rfe8 17. Rac1 Bf8 18. Ne2 Qb8 19. f4 b5 20. cxb5 axb5 21. h3
Qa7+ 22. Kh2 h5 23. Nd4 h4 24. g4 e5 25. Nxb5 Qb6 26. a4 Rxc1 27. Bxc1 exf4 28.
g5 f3 29. Nxf3 Nxe4 30. Be3 Qd8 31. g6 d5 32. gxf7+ Kxf7 33. Nd2 Qb8+ 34. Kg1
Qg3 35. Nxe4 Qxe1+ 36. Kh2 Kg6 37. Bf2 Qe2 38. Nd4 Qc4 39. Qf3 Qc7+ 40. Kh1
Qc1+ 41. Bg1 dxe4 42. Qf5+ Kh6 43. Qxd7 Qc8 44. Qf7 Kh7 45. b5 Re7 46. Qh5+ Kg8
47. Be3 Qc3 48. Qg5 Rf7 49. Ne2 Qe1+ 50. Ng1 Be7 0-1

[Event "PRVA LIGA  CENTRALNE SRBIJE"]
[Site "Vrnjacka Banja"]
[Date "2012.10.02"]
[Round "5.1"]
[White "Djokic, Nenad"]
[Black "Dudukovic, Nikola"]
[Result "1/2-1/2"]
[WhiteElo "2401"]
[BlackElo "2283"]
[PlyCount "52"]
[EventDate "2012.09.29"]

1. d4 Nf6 2. Nf3 e6 3. c4 c5 4. d5 exd5 5. cxd5 d6 6. Nc3 g6 7. Bf4 a6 8. a4
Bg7 9. h3 Qe7 10. e3 Nbd7 11. Be2 O-O 12. O-O Rb8 13. Re1 Ne8 14. Ra3 Nc7 15.
Rb3 Ne5 16. Nd2 b5 17. axb5 axb5 18. Nxb5 Nxd5 19. Nc4 Be6 20. Nbxd6 Rxb3 21.
Qxb3 Nxf4 22. exf4 Qxd6 23. Nxd6 Bxb3 24. fxe5 Bxe5 25. Bc4 Bxd6 26. Bxb3 Rb8
1/2-1/2

[Event "PRVA LIGA  CENTRALNE SRBIJE"]
[Site "Vrnjacka Banja"]
[Date "2012.10.02"]
[Round "5.3"]
[White "Rusev, Krasimir"]
[Black "Atalik, Suat"]
[Result "0-1"]
[WhiteElo "2544"]
[BlackElo "2603"]
[Annotator ",lidija.glx"]
[PlyCount "27"]
[EventDate "2012.09.29"]

1. Nf3 Nf6 2. c4 g6 3. Nc3 d5 4. cxd5 Nxd5 5. e4 Nxc3 6. dxc3 Qxd1+ 7. Kxd1 f6
8. Be3 e5 9. Nd2 Nd7 10. Bc4 Bc5 11. Bh6 Ke7 12. b4 Bd6 13. Be3 a5 14. a3 {
necitko} 0-1

[Event "PRVA LIGA  CENTRALNE SRBIJE"]
[Site "Vrnjacka Banja"]
[Date "2012.10.02"]
[Round "5.3"]
[White "Brankovic, Dejan"]
[Black "Radovanovic, Dusan"]
[Result "1/2-1/2"]
[WhiteElo "2337"]
[BlackElo "2359"]
[PlyCount "26"]
[EventDate "2012.09.29"]

1. e4 c5 2. Nf3 e6 3. d4 cxd4 4. Nxd4 Nf6 5. Bd3 Nc6 6. Nxc6 bxc6 7. O-O d5 8.
Bg5 Be7 9. e5 Nd7 10. Bxe7 Qxe7 11. Qe2 O-O 12. Nd2 a5 13. Rfe1 Nc5 1/2-1/2

[Event "PRVA LIGA  CENTRALNE SRBIJE"]
[Site "Vrnjacka Banja"]
[Date "2012.10.02"]
[Round "5.3"]
[White "Zivkovic, Ivan B"]
[Black "Dezelin, Milan"]
[Result "1/2-1/2"]
[WhiteElo "2351"]
[BlackElo "2287"]
[PlyCount "24"]
[EventDate "2012.09.29"]

1. e4 e5 2. Nf3 d6 3. d4 Nd7 4. Bc4 c6 5. O-O Be7 6. dxe5 dxe5 7. Ng5 Bxg5 8.
Qh5 Qe7 9. Bxg5 Ngf6 10. Qh4 h6 11. Nd2 Rh7 12. Bxf6 Nxf6 1/2-1/2

[Event "PRVA LIGA  CENTRALNE SRBIJE"]
[Site "Vrnjacka Banja"]
[Date "2012.10.02"]
[Round "5.3"]
[White "Cvetanovic, Uros"]
[Black "Marcetic, Nikola"]
[Result "0-1"]
[WhiteElo "2229"]
[BlackElo "2382"]
[PlyCount "124"]
[EventDate "2012.09.29"]

1. e4 c5 2. Nf3 Nc6 3. d4 cxd4 4. Nxd4 e5 5. Nb5 a6 6. Nd6+ Bxd6 7. Qxd6 Qf6 8.
Qxf6 Nxf6 9. f3 d5 10. Bg5 dxe4 11. Bxf6 gxf6 12. fxe4 Be6 13. Bd3 Nb4 14. Rf1
Rd8 15. Ke2 Rg8 16. g3 h5 17. Rxf6 Rxd3 18. cxd3 Nc2 19. Na3 Nxa1 20. Rf1 h4
21. Kf2 hxg3+ 22. hxg3 Rh8 23. Kg1 Ke7 24. Rxa1 Rd8 25. Rd1 Bxa2 26. Kf2 Bb3
27. Rd2 b5 28. Ke3 Rc8 29. Nb1 b4 30. Rf2 Bc2 31. Rf1 Rd8 32. Nd2 Rxd3+ 33. Ke2
Rxg3 34. Rc1 Bd3+ 35. Kf2 Rh3 36. Rc7+ Kf8 37. Rc8+ Kg7 38. Nf3 Bxe4 39. Nxe5
Rb3 40. Rb8 Rxb2+ 41. Ke3 Bg6 42. Nc6 b3 43. Na5 Ra2 44. Nxb3 Rb2 45. Rb7 Kf6
46. Nc5 Rxb7 47. Nxb7 Ke5 48. Nd8 f6 49. Kd2 Be8 50. Kc3 f5 51. Nb7 Kd5 52. Na5
Bb5 53. Nb3 f4 54. Nd4 Bc4 55. Nf3 Be2 56. Ng5 Bg4 57. Kb4 Ke5 58. Kc3 Kf5 59.
Nf7 f3 60. Nd6+ Kf4 61. Nc4 f2 62. Nd2 Be2 0-1

[Event "PRVA LIGA  CENTRALNE SRBIJE"]
[Site "Vrnjacka Banja"]
[Date "2012.10.02"]
[Round "5.3"]
[White "Vuckovic, Branko"]
[Black "Mladenovic, Stefan"]
[Result "1/2-1/2"]
[WhiteElo "2258"]
[BlackElo "2264"]
[PlyCount "105"]
[EventDate "2012.09.29"]

1. e4 c5 2. Nf3 d6 3. Nc3 Nf6 4. d4 cxd4 5. Nxd4 g6 6. f4 Nc6 7. Nf3 Bg7 8. Bd3
Qb6 9. Qe2 Bg4 10. Qf2 Qxf2+ 11. Kxf2 Rc8 12. Be3 Nd7 13. h3 Bxf3 14. Kxf3 Nb4
15. Rhd1 O-O 16. Nd5 Nxd5 17. exd5 Nc5 18. c3 Na4 19. Rd2 a6 20. Re1 b5 21.
Ree2 Rc7 22. f5 Rb8 23. a3 Nb6 24. Bxb6 Rxb6 25. g4 Be5 26. h4 Rc5 27. fxg6
fxg6 28. h5 Kg7 29. Ke4 g5 30. Kf5 Rxd5 31. Ke6 Rc5 32. h6+ Kg8 33. Be4 d5+ 34.
Kxe5 dxe4+ 35. Kxe4 Rxh6 36. Kf3 Rf6+ 37. Kg3 Kf7 38. Re3 Rc4 39. Rd7 Re6 40.
Rxe6 Kxe6 41. Ra7 Rc6 42. Kf3 Kd5 43. Rxe7 h6 44. Rb7 Rf6+ 45. Ke3 Kc5 46. Rc7+
Kd5 47. b3 Rf4 48. Rd7+ Kc5 49. Rd4 Rf1 50. a4 Re1+ 51. Kd2 Rg1 52. a5 Rg2+ 53.
Kd3 1/2-1/2

[Event "PRVA LIGA  CENTRALNE SRBIJE"]
[Site "Vrnjacka Banja"]
[Date "2012.10.02"]
[Round "5.3"]
[White "Zajic, Milan"]
[Black "Pajic, Milomir"]
[Result "1-0"]
[WhiteElo "2212"]
[BlackElo "2177"]
[PlyCount "101"]
[EventDate "2012.09.29"]

1. e4 c5 2. Nf3 e6 3. d4 cxd4 4. Nxd4 Nf6 5. Nc3 d6 6. Be2 a6 7. O-O Be7 8. f4
O-O 9. Be3 Qc7 10. Kh1 b5 11. e5 Ne8 12. Bf3 Bb7 13. Bxb7 Qxb7 14. Qh5 g6 15.
Qh3 Ng7 16. Rad1 Rd8 17. Bf2 dxe5 18. fxe5 Nd7 19. Qf3 Qxf3 20. Nxf3 Nc5 21. g4
h5 22. h3 Rac8 23. a3 Kf8 24. Kg2 Ke8 25. Rxd8+ Rxd8 26. Bxc5 Bxc5 27. Ne4 Be7
28. Nf6+ Kf8 29. Ng5 Bxf6 30. exf6 Ne8 31. Ne4 Rd4 32. Kf3 Nd6 33. Nxd6 Rxd6
34. Ke3 Ke8 35. gxh5 gxh5 36. Rg1 Rc6 37. c3 Rc4 38. Rg8+ Kd7 39. Rf8 e5 40.
Rxf7+ Ke6 41. Ra7 Kxf6 42. Rxa6+ Kf5 43. Ra8 Re4+ 44. Kf2 Rf4+ 45. Kg2 Ke4 46.
a4 Ke3 47. axb5 Rf2+ 48. Kg3 Rxb2 49. Rb8 Rf2 50. b6 Rf4 51. Rh8 1-0

[Event "PRVA LIGA  CENTRALNE SRBIJE"]
[Site "Vrnjacka Banja"]
[Date "2012.10.02"]
[Round "5.4"]
[White "Pavlovic, Dejan S"]
[Black "Milanovic, Slavisa"]
[Result "1-0"]
[WhiteElo "2406"]
[BlackElo "2426"]
[PlyCount "131"]
[EventDate "2012.09.29"]

1. e4 e6 2. d4 d5 3. Nc3 Bb4 4. e5 c5 5. a3 Bxc3+ 6. bxc3 Qa5 7. Bd2 Ne7 8. h4
Nbc6 9. h5 Qa4 10. Nf3 h6 11. Rh4 c4 12. Rg4 Nf5 13. Nh4 Nxh4 14. Rxh4 Bd7 15.
Rg4 Rh7 16. Rf4 Ne7 17. Qf3 g5 18. hxg6 Nxg6 19. Rf6 Qxc2 20. Rc1 Qb2 21. Rxg6
fxg6 22. Qf6 Rf7 23. Qxg6 Ke7 24. Be2 Raf8 25. Rb1 Qxa3 26. Rxb7 Kd8 27. f3 Kc8
28. Qb1 Bc6 29. Rb8+ Kc7 30. Rb2 Ra8 31. Ra2 Qf8 32. Qg6 Qe7 33. Bxh6 Rh7 34.
Bg5 Be8 35. Qf6 Qxf6 36. exf6 a5 37. Bd1 a4 38. Bc2 Rh1+ 39. Kf2 a3 40. Bf4+
Kb7 41. g4 Bf7 42. g5 Rg8 43. Rxa3 Rxg5 44. Bxg5 Rh2+ 45. Kg3 Rxc2 46. Bf4 Rb2
47. Ra1 Rb3 48. Rh1 Kc6 49. Rh7 Rb7 50. Kh4 Kb5 51. Kg5 Ka4 52. Rxf7 Rxf7 53.
Kg6 Rf8 54. Bd6 Rc8 55. f7 Kb3 56. f8=Q Rxf8 57. Bxf8 Kxc3 58. Bc5 Kb3 59. Kf6
c3 60. Bf8 c2 61. Bh6 Kc4 62. Ke5 Kd3 63. Bc1 Kc4 64. f4 Kc3 65. Kxe6 Kxd4 66.
f5 1-0

[Event "PRVA LIGA  CENTRALNE SRBIJE"]
[Site "Vrnjacka Banja"]
[Date "2012.10.02"]
[Round "5.4"]
[White "Ivanovic, Dragutin"]
[Black "Boskovic, Drasko"]
[Result "0-1"]
[WhiteElo "2371"]
[BlackElo "2431"]
[PlyCount "54"]
[EventDate "2012.09.29"]

1. d4 Nf6 2. c4 c5 3. d5 e6 4. Nc3 exd5 5. cxd5 d6 6. e4 g6 7. Nge2 Bg7 8. Ng3
a6 9. a4 h5 10. Be2 h4 11. Nf1 O-O 12. Nd2 h3 13. g3 Nbd7 14. f4 Re8 15. O-O
Rb8 16. g4 b5 17. axb5 axb5 18. Bxb5 c4 19. Bxc4 Nc5 20. Re1 Qb6 21. Nf3 Nxg4
22. Kf1 Nxe4 23. Re2 Nxh2+ 24. Nxh2 Ng3+ 25. Ke1 Nxe2 26. Nxe2 Qg1+ 27. Kd2
Qxh2 0-1

[Event "PRVA LIGA  CENTRALNE SRBIJE"]
[Site "Vrnjacka Banja"]
[Date "2012.10.02"]
[Round "5.4"]
[White "Misailovic, Nebojsa"]
[Black "Blesic, Vaso"]
[Result "1-0"]
[WhiteElo "2313"]
[BlackElo "2390"]
[PlyCount "121"]
[EventDate "2012.09.29"]

1. e4 c5 2. Nc3 g6 3. g3 Bg7 4. Bg2 Nc6 5. d3 d6 6. Be3 Nf6 7. h3 O-O 8. Qd2
Rb8 9. Bh6 Nd4 10. Bxg7 Kxg7 11. Nd1 e5 12. c3 Nc6 13. Ne3 Ng8 14. Ne2 f5 15.
exf5 Bxf5 16. Nxf5+ Rxf5 17. O-O Qb6 18. Rad1 Nge7 19. d4 cxd4 20. cxd4 Rbf8
21. Qe3 R5f7 22. Qc3 d5 23. b3 h6 24. Qc5 Nxd4 25. Nxd4 exd4 26. Qxb6 axb6 27.
Rxd4 Rc8 28. Bxd5 Nxd5 29. Rxd5 Rc2 30. a4 Rb2 31. Rd3 g5 32. Kg2 Kg6 33. h4
gxh4 34. gxh4 Rf4 35. Rd6+ Rf6 36. h5+ Kg5 37. Rd3 Rf4 38. Kg3 Rg4+ 39. Kf3
Rf4+ 40. Ke3 Rb4 41. Rg1+ Kf5 42. Rd5+ Ke6 43. Rd3 Kf5 44. Rg6 Re4+ 45. Kf3
Rf4+ 46. Kg3 Rfxf2 47. Rxh6 b5 48. axb5 Ke4 49. Rhd6 Rg2+ 50. Kh4 Rg1 51. R6d4+
Kf5 52. Rf3+ Ke5 53. Rg4 Rh1+ 54. Kg5 Rbh2 55. Rf5+ Kd6 56. Kg6 Ke7 57. Rgg5
Kd6 58. b4 Ke7 59. Rf7+ Kd6 60. Rf6+ Ke7 61. b6 1-0

[Event "PRVA LIGA  CENTRALNE SRBIJE"]
[Site "Vrnjacka Banja"]
[Date "2012.10.02"]
[Round "5.4"]
[White "Sandic, Vladeta"]
[Black "Colovic, Dusan"]
[Result "1/2-1/2"]
[WhiteElo "2338"]
[BlackElo "2383"]
[PlyCount "86"]
[EventDate "2012.09.29"]

1. d4 d6 2. Nf3 g6 3. c4 Bg7 4. h3 f5 5. Nc3 Nf6 6. g3 O-O 7. Bg2 Nc6 8. d5 Ne5
9. Nxe5 dxe5 10. O-O e4 11. Qb3 Nh5 12. Bd2 e5 13. Rad1 Rf7 14. Kh2 Bf8 15. Bc1
b6 16. a3 Bc5 17. Qc2 a5 18. Na4 Bd6 19. c5 bxc5 20. Nxc5 Qe7 21. b4 axb4 22.
axb4 Rb8 23. Bd2 e3 24. Bxe3 Rxb4 25. Nd3 f4 26. Bc5 Rb8 27. Bxd6 cxd6 28. gxf4
exf4 29. Ne1 Bf5 30. Qa2 Qf6 31. Nf3 Rb2 32. Qa6 Be4 33. Rfe1 Ng7 34. Qc4 Bxf3
35. Bxf3 h5 36. Rb1 Kh7 37. Rxb2 Qxb2 38. Qe4 Rf5 39. Rb1 Qf6 40. Rb7 Re5 41.
Qd4 Kh6 42. Rd7 g5 43. Qb4 Ne8 1/2-1/2

[Event "PRVA LIGA  CENTRALNE SRBIJE"]
[Site "Vrnjacka Banja"]
[Date "2012.10.02"]
[Round "5.4"]
[White "Civric, Zdravko"]
[Black "Sorgic, Dragan"]
[Result "1/2-1/2"]
[WhiteElo "2215"]
[BlackElo "2257"]
[PlyCount "104"]
[EventDate "2012.09.29"]

1. d4 d5 2. Bf4 Nf6 3. e3 c5 4. c3 Nc6 5. Nd2 e6 6. Bd3 Bd6 7. Bg3 e5 8. dxe5
Nxe5 9. Bb5+ Bd7 10. Bxd7+ Qxd7 11. Bxe5 Bxe5 12. Ngf3 Bc7 13. O-O O-O 14. Qc2
Qe6 15. c4 Rfd8 16. cxd5 Rxd5 17. Rac1 Rad8 18. e4 Rh5 19. b4 b6 20. b5 Bf4 21.
Rcd1 Ng4 22. g3 Bxd2 23. Rxd2 Re8 24. h4 Ne5 25. Qd1 Nxf3+ 26. Qxf3 Re5 27. Re1
g6 28. Rde2 f5 29. Qa3 fxe4 30. Qxa7 Qd6 31. Qa3 Qe6 32. Re3 Qd5 33. Qa7 R5e6
34. a4 Ra8 35. Qc7 Rxa4 36. Qb8+ Kf7 37. Qc7+ Re7 38. Qxb6 Rb7 39. Qc6 Qxc6 40.
bxc6 Rc7 41. Rxe4 Rxe4 42. Rxe4 Rxc6 43. Kf1 Kf6 44. Ke2 Kf5 45. Rf4+ Ke5 46.
Kd3 Kd5 47. Rf7 c4+ 48. Kc3 h5 49. Rf4 Ke5 50. Rf8 Kd5 51. Rf4 Ke5 52. Rf8 Kd5
1/2-1/2

[Event "PRVA LIGA  CENTRALNE SRBIJE"]
[Site "Vrnjacka Banja"]
[Date "2012.10.02"]
[Round "5.4"]
[White "Nikolic, Dragovan"]
[Black "Knezevic, Veljko"]
[Result "1-0"]
[WhiteElo "2239"]
[BlackElo "1915"]
[PlyCount "79"]
[EventDate "2012.09.29"]

1. Nf3 Nf6 2. d4 g6 3. g3 Bg7 4. Bg2 O-O 5. O-O d6 6. c4 c6 7. Nc3 Nbd7 8. Qc2
Qc7 9. b3 Re8 10. Bb2 e5 11. dxe5 dxe5 12. Rad1 a5 13. Na4 Bf8 14. c5 Nd5 15.
a3 Qb8 16. e4 N5f6 17. Ng5 h6 18. Nf3 Qa7 19. Rc1 h5 20. Ng5 Bh6 21. h4 Nh7 22.
f4 b5 23. cxb6 Nxb6 24. Nc5 Bg7 25. Qf2 Nd7 26. f5 Nxc5 27. Qxc5 Qxc5+ 28. Rxc5
Bb7 29. Nxh7 Kxh7 30. fxg6+ Kxg6 31. Bh3 Bf6 32. g4 hxg4 33. Bxg4 Rad8 34. h5+
Kg7 35. Bc1 Rd3 36. h6+ Kg6 37. Bf5+ Kh5 38. h7 Rxb3 39. Bd7 Rd8 40. Rxf6 1-0

[Event "PRVA LIGA  CENTRALNE SRBIJE"]
[Site "Vrnjacka Banja"]
[Date "2012.10.02"]
[Round "5.5"]
[White "Djukic, Zeljko"]
[Black "Tosic, Miroslav"]
[Result "1/2-1/2"]
[WhiteElo "2405"]
[BlackElo "2421"]
[PlyCount "22"]
[EventDate "2012.09.29"]

1. d4 Nf6 2. c4 g6 3. Nc3 Bg7 4. e4 d6 5. f3 O-O 6. Bg5 h6 7. Be3 e5 8. d5 Nh7
9. Qd2 f5 10. Nge2 Ng5 11. O-O-O fxe4 1/2-1/2

[Event "PRVA LIGA  CENTRALNE SRBIJE"]
[Site "Vrnjacka Banja"]
[Date "2012.10.02"]
[Round "5.5"]
[White "Mitrovic, Darko R"]
[Black "Carnic, Srdjan"]
[Result "0-1"]
[WhiteElo "2266"]
[BlackElo "2338"]
[PlyCount "112"]
[EventDate "2012.09.29"]

1. d4 Nf6 2. c4 e6 3. Nf3 b6 4. e3 Bb7 5. Be2 Be7 6. O-O O-O 7. b3 c5 8. Bb2 d6
9. Nc3 Nbd7 10. Qc2 Rc8 11. Rac1 Qc7 12. Rfd1 a6 13. d5 exd5 14. cxd5 b5 15. e4
Rfe8 16. a4 b4 17. Nb1 Bf8 18. Bd3 g6 19. Re1 Bg7 20. Nbd2 Ng4 21. Bxg7 Kxg7
22. Qb2+ f6 23. Nd4 Nf8 24. Nc2 Ne5 25. Bf1 a5 26. Ne3 Ra8 27. f4 Ned7 28. Nec4
Ba6 29. Rcd1 Bxc4 30. Nxc4 Nb6 31. e5 Nxc4 32. Bxc4 Nd7 33. e6 Nb6 34. Bb5 Re7
35. Qe2 Rc8 36. Bc4 Rf8 37. Qd3 f5 38. h3 Qd8 39. Bb5 Qc7 40. Bc6 Nc8 41. Kh2
Qb6 42. Qd2 Rc7 43. g4 Ne7 44. Bb5 Rcc8 45. Qb2+ Kg8 46. Kg3 h6 47. Bc4 Qd8 48.
Rd2 Rc7 49. Kf3 g5 50. Rg2 Ng6 51. gxf5 Nh4+ 52. Kg3 Nxg2 53. Kxg2 gxf4 54. Kf3
Rxf5 55. Rg1+ Rg5 56. Rg4 Rcg7 0-1

[Event "PRVA LIGA  CENTRALNE SRBIJE"]
[Site "Vrnjacka Banja"]
[Date "2012.10.02"]
[Round "5.5"]
[White "Todorovic, Bojan"]
[Black "Djokic, Vladan"]
[Result "1-0"]
[WhiteElo "2327"]
[BlackElo "2334"]
[PlyCount "99"]
[EventDate "2012.09.29"]

1. d4 Nf6 2. c4 e6 3. Nf3 c5 4. d5 b5 5. dxe6 fxe6 6. cxb5 d5 7. g3 a6 8. bxa6
Nc6 9. Bh3 Rxa6 10. O-O Be7 11. Nc3 O-O 12. Ng5 Na7 13. Qc2 Qe8 14. e4 h6 15.
Nf3 d4 16. Ne2 Rb6 17. Nd2 Nc6 18. Nc4 Nb4 19. Qd1 Ra6 20. Nf4 Nxe4 21. Bg2 Nd6
22. Ne5 Bf6 23. Re1 Bxe5 24. Rxe5 c4 25. Bd2 Nc6 26. Rc5 Rf5 27. Rxf5 exf5 28.
Bd5+ Kh7 29. Qc2 d3 30. Qc3 Ne4 31. Bxe4 Qxe4 32. Re1 Qd4 33. Ne6 Qxc3 34. Bxc3
Rxa2 35. Nxg7 f4 36. gxf4 Ra7 37. Ne8 Bh3 38. f3 Rf7 39. Kf2 Rxf4 40. Kg3 Rf5
41. Kxh3 Rxf3+ 42. Kg2 Rf4 43. Kg3 Rf5 44. Nf6+ Kg6 45. Ne4 Ne7 46. Nd2 Rg5+
47. Kf3 Nf5 48. Re4 Rh5 49. Re6+ Kh7 50. Kf4 1-0

[Event "PRVA LIGA  CENTRALNE SRBIJE"]
[Site "Vrnjacka Banja"]
[Date "2012.10.02"]
[Round "5.5"]
[White "Stankovic, Dejan"]
[Black "Nikolic, Boban"]
[Result "1/2-1/2"]
[WhiteElo "2267"]
[BlackElo "2235"]
[PlyCount "21"]
[EventDate "2012.09.29"]

1. e4 d6 2. d4 Nf6 3. Nc3 g6 4. f4 Bg7 5. Nf3 c5 6. dxc5 Qa5 7. Bd3 Qxc5 8. Qe2
Nc6 9. Be3 Qa5 10. O-O O-O 11. a3 1/2-1/2

[Event "PRVA LIGA  CENTRALNE SRBIJE"]
[Site "Vrnjacka Banja"]
[Date "2012.10.02"]
[Round "5.6"]
[White "Pap, Gyula"]
[Black "Pantelic, Sasa"]
[Result "1-0"]
[WhiteElo "2569"]
[BlackElo "2328"]
[PlyCount "47"]
[EventDate "2012.09.29"]

1. d4 Nf6 2. c4 g6 3. Nc3 Bg7 4. e4 d6 5. f3 O-O 6. Be3 c6 7. Qd2 a6 8. O-O-O
b5 9. Bh6 b4 10. Nce2 Bxh6 11. Qxh6 Qa5 12. Kb1 c5 13. d5 e6 14. dxe6 Bxe6 15.
Nf4 Nc6 16. h4 b3 17. a3 Nd4 18. h5 Ra7 19. Qg5 Ne8 20. Nge2 Nc2 21. hxg6 Nxa3+
22. bxa3 Bxc4 23. gxf7+ Kxf7 24. Rxh7+ 1-0

[Event "PRVA LIGA  CENTRALNE SRBIJE"]
[Site "Vrnjacka Banja"]
[Date "2012.10.02"]
[Round "5.6"]
[White "Marinkovic, Ivan"]
[Black "Bozovic, Nikola"]
[Result "1/2-1/2"]
[WhiteElo "2443"]
[BlackElo "2252"]
[PlyCount "82"]
[EventDate "2012.09.29"]

1. e4 Nf6 2. e5 Nd5 3. d4 d6 4. c4 Nb6 5. exd6 cxd6 6. Nc3 g6 7. Be3 Bg7 8. Rc1
O-O 9. b3 Nc6 10. d5 Ne5 11. Be2 Ned7 12. Nf3 Nf6 13. O-O Bg4 14. h3 Bxf3 15.
Bxf3 Nbd7 16. g3 a6 17. a4 Qa5 18. Re1 Rfe8 19. Bd4 Bh6 20. Rb1 Qc7 21. Bg2 Nc5
22. a5 Bg7 23. b4 Ncd7 24. Bf1 e5 25. dxe6 Rxe6 26. Rxe6 fxe6 27. Na4 d5 28.
Qb3 Rf8 29. cxd5 Nxd5 30. Bxg7 Kxg7 31. Bg2 Qe5 32. Qb2 Qxb2 33. Rxb2 Rc8 34.
b5 Rc1+ 35. Kh2 Ne5 36. Nb6 Nc4 37. Nxc4 Rxc4 38. bxa6 bxa6 39. Rb7+ Kf6 40.
Ra7 Rc6 41. Rxh7 Rc5 1/2-1/2

[Event "PRVA LIGA  CENTRALNE SRBIJE"]
[Site "Vrnjacka Banja"]
[Date "2012.10.02"]
[Round "5.6"]
[White "Misojcic, Miroslav"]
[Black "Arsovic, Goran"]
[Result "1/2-1/2"]
[WhiteElo "2253"]
[BlackElo "2435"]
[PlyCount "140"]
[EventDate "2012.09.29"]

1. d4 Nf6 2. c4 g6 3. Nc3 Bg7 4. Nf3 d6 5. g3 O-O 6. Bg2 c6 7. h3 Qa5 8. O-O
Qa6 9. b3 b5 10. cxb5 cxb5 11. b4 Bb7 12. a4 bxa4 13. Rxa4 Qb6 14. d5 Rc8 15.
Be3 Qd8 16. Qb3 a6 17. Nd4 Nfd7 18. Ra2 Ne5 19. f4 Nc4 20. Bf2 Nb6 21. Kh2 Qe8
22. Rd1 N8d7 23. Nc6 Nxd5 24. Nxd5 Bxc6 25. Rc2 Bxd5 26. Bxd5 Rxc2 27. Qxc2 Rb8
28. Qa4 Qc8 29. Ba7 Rb5 30. Qb3 e6 31. Bc4 Qb7 32. Bxb5 axb5 33. Bd4 Qe4 34.
Qd3 Qxd3 35. Rxd3 Bxd4 36. Rxd4 d5 37. Rd1 Nb6 38. Re1 Nc4 39. Ra1 Kf8 40. Ra7
h5 41. Kg1 Ke8 42. Kf2 Kf8 43. g4 hxg4 44. hxg4 f6 45. e3 g5 46. fxg5 fxg5 47.
Rh7 Ne5 48. Ke2 Nc6 49. Rh5 Nxb4 50. Rxg5 Kf7 51. Rh5 Kg6 52. Kf3 Nd3 53. e4
Nb4 54. exd5 Nxd5 55. Rh8 b4 56. Kg3 Kg7 57. Ra8 Kf6 58. Kh4 Kg6 59. Ra6 Kf6
60. Kh5 b3 61. Ra3 Nf4+ 62. Kh6 b2 63. Rb3 e5 64. g5+ Kf5 65. Rxb2 e4 66. Rb5+
Kg4 67. g6 Nxg6 68. Kxg6 e3 69. Rb3 Kf4 70. Rb1 e2 1/2-1/2

[Event "PRVA LIGA  CENTRALNE SRBIJE"]
[Site "Vrnjacka Banja"]
[Date "2012.10.02"]
[Round "5.6"]
[White "Simonovic, Aleksandar"]
[Black "Urosevic, Zoran"]
[Result "1/2-1/2"]
[WhiteElo "2379"]
[BlackElo "2255"]
[PlyCount "43"]
[EventDate "2012.09.29"]

1. c4 Nf6 2. Nf3 g6 3. b3 Bg7 4. Bb2 O-O 5. g3 d6 6. Bg2 c6 7. O-O Bf5 8. d3
Qc8 9. Re1 Bh3 10. Bh1 c5 11. Nbd2 Nc6 12. Rb1 Qc7 13. a3 Rad8 14. b4 b6 15. b5
Ne5 16. Nxe5 dxe5 17. Nf3 Ne8 18. Qc2 Bc8 19. a4 Qd6 20. Bg2 Nc7 21. Rbd1 Ne6
22. e3 1/2-1/2

[Event "PRVA LIGA  CENTRALNE SRBIJE"]
[Site "Vrnjacka Banja"]
[Date "2012.10.02"]
[Round "5.6"]
[White "Misic, Dragan"]
[Black "Vucicevic, Moma"]
[Result "1/2-1/2"]
[WhiteElo "2294"]
[BlackElo "2313"]
[PlyCount "61"]
[EventDate "2012.09.29"]

1. Nf3 d5 2. d4 Nf6 3. c4 e6 4. Nc3 c6 5. Bg5 h6 6. Bh4 dxc4 7. a4 Bb4 8. e3 b5
9. Nd2 Qb6 10. Bxf6 gxf6 11. Qf3 Bb7 12. Qxf6 Rg8 13. Be2 Nd7 14. Qh4 Be7 15.
Qh3 a6 16. Bf3 Rd8 17. O-O c5 18. Bxb7 Qxb7 19. axb5 axb5 20. Nce4 cxd4 21.
exd4 Qd5 22. Ra5 Bb4 23. Nc3 Qxg2+ 24. Qxg2 Rxg2+ 25. Kxg2 Bxa5 26. Nde4 b4 27.
Nd6+ Ke7 28. Nxc4 bxc3 29. Nxa5 Rc8 30. bxc3 Rxc3 31. Re1 1/2-1/2

[Event "PRVA LIGA  CENTRALNE SRBIJE"]
[Site "Vrnjacka Banja"]
[Date "2012.10.02"]
[Round "5"]
[White "Kasparov Sergrj"]
[Black "Stojanovic Mihajlo"]
[Result "1/2-1/2"]
[WhiteElo "2482"]
[BlackElo "2572"]
[PlyCount "64"]
[EventDate "2012.??.??"]

1. e4 c5 2. Nf3 Nc6 3. Bb5 g6 4. Bxc6 bxc6 5. O-O Bg7 6. Re1 e5 7. c3 Ne7 8. d4
cxd4 9. cxd4 exd4 10. Nxd4 O-O 11. Nc3 Rb8 12. Nb3 d5 13. Be3 dxe4 14. Bc5 Bxc3
15. bxc3 Qxd1 16. Raxd1 Re8 17. Rxe4 Be6 18. c4 Rbd8 19. Rxd8 Rxd8 20. Rd4 Re8
21. g4 Nc8 22. Na5 Nb6 23. Bxb6 axb6 24. Nxc6 Kg7 25. Nb4 Rc8 26. Nd5 b5 27. f3
bxc4 28. Nc3 Ra8 29. Re4 Ra3 30. Re3 f5 31. Rxe6 Rxc3 32. gxf5 Rxf3 1/2-1/2